Survivor U.S Players by picture - Statistics

General Stats
  • This quiz has been taken 57 times
  • The average score is 16 of 20
Answer Stats
Picture Answer % Correct
Cirie Fields
96%
Ozzy Lusth
96%
Rob Mariano
96%
Sandra Diaz Twine
96%
Dee Valladares
94%
Christian Hubicki
92%
Parvati Shallow
92%
Russell Hantz
92%
Tyson Apostle
92%
Kamila Karthigesu
90%
Jud Birza
86%
Tai Trang
86%
Zeke Smith
82%
Ciera Eastin
78%
Eva Erickson
74%
Ian Rosenberger
72%
NaOnka Mixon
70%
Gavin Whitson
64%
Missy Byrd
52%
Kelly Czarnecki
30%
No matching quizzes found
Score Distribution
Percent of People with Each Score
Percentile by Number Answered
Your Score History
You have not taken this quiz